[Event "24. Aberto Xadrez Albariño"]
[Site "Cambados ESP"]
[Date "2008.08.04"]
[Round "4.15"]
[White "Otero Chaves, Carlos Miguel"]
[Black "Stanoev, Atanas"]
[Result "0-1"]
[WhiteElo "1903"]
[BlackElo "2198"]
[PlyCount "44"]
[EventDate "2008.08.01"]
[EventType "swiss"]
[EventRounds "9"]
[EventCountry "ESP"]
[Source "lmi"]
[SourceDate "2008.08.01"]

1. e4 c5 2. Nf3 d6 3. d4 cxd4 4. Nxd4 Nf6 5. Nc3 a6 6. Be2 e6 7. Be3 b5 8. a3
Bb7 9. f3 Nbd7 10. O-O Be7 11. a4 b4 12. Na2 d5 13. exd5 Nxd5 14. Bf2 O-O 15.
Qd2 Bg5 16. Qe1 Ne3 17. Nxb4 a5 18. Nd3 e5 19. f4 Nxg2 20. Qd2 Nxf4 21. Nxf4
Bxf4 22. Be3 Qg5+ 0-1

[Event "24. Aberto Xadrez Albariño"]
[Site "Cambados ESP"]
[Date "2008.08.04"]
[Round "4.16"]
[White "Sanchez Quiroga, Miguel Angel"]
[Black "Alonso Gonzalez, Fernando"]
[Result "1-0"]
[WhiteElo "2183"]
[BlackElo "1836"]
[PlyCount "81"]
[EventDate "2008.08.01"]
[EventType "swiss"]
[EventRounds "9"]
[EventCountry "ESP"]
[Source "lmi"]
[SourceDate "2008.08.01"]

1. e4 e5 2. Nf3 Nc6 3. Bc4 Nf6 4. d3 d6 5. Ng5 d5 6. exd5 Na5 7. Nc3 Bb4 8. Bd2
O-O 9. Nge4 Nxc4 10. dxc4 Ng4 11. h3 Nf6 12. Qe2 Bf5 13. O-O-O Re8 14. Nxf6+
Qxf6 15. g4 Bd7 16. Ne4 Qe7 17. c3 Bd6 18. Bg5 Qf8 19. Rhg1 a5 20. h4 a4 21. h5
Be7 22. Be3 a3 23. b3 Bxg4 24. Rxg4 f5 25. Rg2 fxe4 26. Bh6 Bf6 27. Rdg1 Re7
28. Qxe4 Rf7 29. Be3 Rd8 30. h6 Rdd7 31. c5 g6 32. Kc2 Be7 33. b4 Qa8 34. Kb3
b5 35. cxb6 cxb6 36. Rxg6+ hxg6 37. Qxg6+ Kh8 38. Qxf7 Qxd5+ 39. Qxd5 Rxd5 40.
Bxb6 e4 41. Bd4+ 1-0

[Event "24. Aberto Xadrez Albariño"]
[Site "Cambados ESP"]
[Date "2008.08.04"]
[Round "4.17"]
[White "Torres Dominguez, David"]
[Black "Outeiral Gonzalez, Ricardo"]
[Result "1-0"]
[WhiteElo "2134"]
[BlackElo "1792"]
[PlyCount "73"]
[EventDate "2008.08.01"]
[EventType "swiss"]
[EventRounds "9"]
[EventCountry "ESP"]
[Source "lmi"]
[SourceDate "2008.08.01"]

1. e4 e5 2. Bc4 Bc5 3. Nc3 a6 4. Qh5 Qf6 5. Nf3 Bd6 6. d4 g6 7. dxe5 gxh5 8.
exf6 h6 9. Nd5 Nc6 10. Bd2 b5 11. Bb3 Bb7 12. O-O-O O-O-O 13. Rhe1 Re8 14. Bc3
a5 15. Nb6+ Kd8 16. e5 Rh7 17. a3 b4 18. axb4 axb4 19. exd6 cxb6 20. Bd4 Nxd4
21. Rxe8+ Kxe8 22. Rxd4 Nxf6 23. Rxb4 Nd5 24. Rb5 Bc6 25. Rxd5 Bxd5 26. Bxd5 f6
27. c4 Rg7 28. g3 Kd8 29. h4 Rg4 30. Kc2 Kc8 31. Kc3 Kb8 32. Nd4 Rg7 33. Nf5
Rh7 34. Bg8 Rh8 35. Bf7 Kb7 36. Bxh5 Kc6 37. Bf3+ 1-0

[Event "24. Aberto Xadrez Albariño"]
[Site "Cambados ESP"]
[Date "2008.08.04"]
[Round "4.19"]
[White "Palacios Gonzalez, Miguel"]
[Black "Salgado Gonzalez, Julio"]
[Result "0-1"]
[WhiteElo "1588"]
[BlackElo "1916"]
[PlyCount "48"]
[EventDate "2008.08.01"]
[EventType "swiss"]
[EventRounds "9"]
[EventCountry "ESP"]
[Source "lmi"]
[SourceDate "2008.08.01"]

1. e4 Nc6 2. d4 d5 3. exd5 Qxd5 4. c3 e5 5. Be3 exd4 6. cxd4 Be6 7. Nc3 Bb4 8.
a3 Bxc3+ 9. bxc3 Nf6 10. c4 Qe4 11. Nf3 Rd8 12. Bd3 Qg4 13. O-O O-O 14. Qb1 Bc8
15. d5 Ne7 16. Bxa7 b6 17. Bb8 Qf4 18. Ba7 Bg4 19. Be2 Nf5 20. Bxb6 cxb6 21.
Qxb6 Bxf3 22. gxf3 Nd4 23. Bd1 Rd6 24. Qc7 Nxd5 0-1

[Event "24. Aberto Xadrez Albariño"]
[Site "Cambados ESP"]
[Date "2008.08.04"]
[Round "4.20"]
[White "Maneiro Blanco, Jose"]
[Black "Guijarro Arca, Basilio"]
[Result "0-1"]
[WhiteElo "1695"]
[BlackElo "1915"]
[PlyCount "90"]
[EventDate "2008.08.01"]
[EventType "swiss"]
[EventRounds "9"]
[EventCountry "ESP"]
[Source "lmi"]
[SourceDate "2008.08.01"]

1. f4 d5 2. Nf3 Nf6 3. e3 c5 4. b3 Nc6 5. Bb5 a6 6. Bxc6+ bxc6 7. Ne5 Qc7 8. d3
Nd7 9. Bb2 Nxe5 10. Bxe5 Qa5+ 11. Nd2 f6 12. Bb2 Bf5 13. O-O Bg6 14. f5 Bf7 15.
Qe2 g5 16. e4 Bg7 17. e5 O-O 18. e6 Be8 19. a4 Qb6 20. Kh1 Rd8 21. Qf2 Qb8 22.
Qxc5 Qd6 23. Qa7 c5 24. d4 Rc8 25. dxc5 Qxc5 26. Qxc5 Rxc5 27. c4 dxc4 28. Nxc4
Bh5 29. Ne3 Rb8 30. Bd4 Rc6 31. g4 Be8 32. Rab1 Rc7 33. a5 Rb4 34. Nd5 Bc6 35.
Kg1 Bxd5 36. Bb6 Rxg4+ 37. Kf2 Rc2+ 38. Ke3 Rxh2 39. Rbc1 Rg3+ 40. Kd4 Rd2+ 41.
Kc5 Rxb3 42. Rb1 Rxb1 43. Rxb1 Be4 44. Bc7 Bxb1 45. Kb6 Bd3 0-1

[Event "24. Aberto Xadrez Albariño"]
[Site "Cambados ESP"]
[Date "2008.08.04"]
[Round "4.22"]
[White "Prol Lusquinos, Jose Manuel"]
[Black "Pena Torres, Jose Carlos"]
[Result "0-1"]
[WhiteElo "1792"]
[BlackElo "2143"]
[PlyCount "42"]
[EventDate "2008.08.01"]
[EventType "swiss"]
[EventRounds "9"]
[EventCountry "ESP"]
[Source "lmi"]
[SourceDate "2008.08.01"]

1. e4 e6 2. Nf3 d5 3. exd5 exd5 4. d4 Nc6 5. Be2 Bf5 6. a3 Bd6 7. O-O Nge7 8.
c4 dxc4 9. Bxc4 O-O 10. Nc3 Bg4 11. Be2 Nf5 12. d5 Bxf3 13. Bxf3 Ne5 14. Be4
Qh4 15. g3 Qf6 16. Rb1 Rfe8 17. b3 Nd4 18. f4 Nd7 19. Bg2 Qf5 20. Bb2 Qc2 21.
Qxd4 Bc5 0-1

[Event "24. Aberto Xadrez Albariño"]
[Site "Cambados ESP"]
[Date "2008.08.04"]
[Round "4.24"]
[White "Outeiro Padin, Heladio"]
[Black "Farto Orozco, David"]
[Result "1-0"]
[WhiteElo "1916"]
[BlackElo "1787"]
[PlyCount "133"]
[EventDate "2008.08.01"]
[EventType "swiss"]
[EventRounds "9"]
[EventCountry "ESP"]
[Source "lmi"]
[SourceDate "2008.08.01"]

1. d4 d5 2. c4 e6 3. Nc3 Nf6 4. Nf3 c6 5. Bf4 Bd6 6. Bxd6 Qxd6 7. e3 O-O 8. Qc2
Nbd7 9. Bd3 dxc4 10. Bxc4 e5 11. O-O exd4 12. Rfd1 Qc7 13. Rxd4 Ne5 14. Be2
Nxf3+ 15. Bxf3 Be6 16. Rad1 Qe7 17. Ne4 Bf5 18. Nxf6+ Qxf6 19. Be4 Bxe4 20.
Rxe4 Rad8 21. Red4 Rxd4 22. Rxd4 Rd8 23. Rd2 Rd6 24. Qd1 Rxd2 25. Qxd2 Qe7 26.
Kf1 Kf8 27. Qd4 c5 28. Qg4 Qd8 29. Ke2 b6 30. Qe4 g6 31. Qe5 h5 32. Qh8+ Ke7
33. Qe5+ Kd7 34. Qd5+ Ke8 35. Qe5+ Kd7 36. Qd5+ Ke8 37. Qe5+ Kd7 38. b4 Qe7 39.
Qd5+ Kc7 40. bxc5 bxc5 41. Kd3 Qd6 42. Kc4 Qxd5+ 43. Kxd5 Kb6 44. Kc4 h4 45. g4
f5 46. gxf5 gxf5 47. f3 h3 48. e4 fxe4 49. fxe4 Kc6 50. e5 Kb6 51. Kd5 a6 52.
e6 Kc7 53. Kxc5 a5 54. a4 Kd8 55. Kb6 Ke7 56. Kxa5 Kxe6 57. Kb6 Kf5 58. a5 Kf4
59. a6 Kf3 60. a7 Kg2 61. a8=Q+ Kxh2 62. Qa2+ Kg1 63. Qb1+ Kf2 64. Qh1 Kg3 65.
Qg1+ Kf3 66. Qh2 Kg4 67. Kc5 1-0

[Event "24. Aberto Xadrez Albariño"]
[Site "Cambados ESP"]
[Date "2008.08.04"]
[Round "4.28"]
[White "Iglesias Iglesias, Jose Manuel"]
[Black "Abal Cores, Lucas"]
[Result "1-0"]
[WhiteElo "1787"]
[BlackElo "1566"]
[PlyCount "109"]
[EventDate "2008.08.01"]
[EventType "swiss"]
[EventRounds "9"]
[EventCountry "ESP"]
[Source "lmi"]
[SourceDate "2008.08.01"]

1. d4 d5 2. c4 e6 3. Nc3 Nf6 4. Bg5 Be7 5. Nf3 Nbd7 6. e3 h6 7. Bh4 O-O 8. Bd3
dxc4 9. Bxc4 Nb6 10. Bd3 Nfd5 11. Bxe7 Qxe7 12. O-O c6 13. Rc1 Bd7 14. Re1 Qb4
15. Re2 Rfc8 16. a3 Nxc3 17. Rxc3 Qe7 18. Ne5 c5 19. Nxd7 Nxd7 20. Rec2 Rc7 21.
b4 b6 22. Qc1 e5 23. dxc5 bxc5 24. bxc5 Rd8 25. Bb5 g6 26. a4 Kg7 27. h3 Rdc8
28. Ba6 Rb8 29. c6 Nb6 30. Rb3 Rd8 31. a5 Nd5 32. Bb7 Qe6 33. Rd2 Re8 34. Rbd3
Nb4 35. Rd6 Qb3 36. Qc5 h5 37. a6 Qa4 38. Rd7 Nxa6 39. Qxa7 Rxd7 40. cxd7 Rd8
41. Qxa6 Qb4 42. Rd6 Qe1+ 43. Kh2 Qxf2 44. Qb6 h4 45. e4 Qf4+ 46. Kh1 Qg3 47.
Rd1 Qg5 48. Bc8 f5 49. Qe6 fxe4 50. Rf1 e3 51. Qg4 Kh6 52. Re1 Rf8 53. Qxg5+
Kxg5 54. Rxe3 Kf4 55. Rf3+ 1-0

[Event "24. Aberto Xadrez Albariño"]
[Site "Cambados ESP"]
[Date "2008.08.04"]
[Round "4.32"]
[White "Fernandez Rey, Jorge"]
[Black "Elizondo Market, Juan Marcos"]
[Result "0-1"]
[WhiteElo "1834"]
[BlackElo "2070"]
[PlyCount "54"]
[EventDate "2008.08.01"]
[EventType "swiss"]
[EventRounds "9"]
[EventCountry "ESP"]
[Source "lmi"]
[SourceDate "2008.08.01"]

1. e4 c5 2. Nf3 Nc6 3. d4 cxd4 4. Nxd4 Nf6 5. Nc3 d6 6. Bc4 e6 7. O-O Be7 8. f4
O-O 9. Nxc6 bxc6 10. e5 Qb6+ 11. Kh1 dxe5 12. fxe5 Nd5 13. Nxd5 cxd5 14. Bd3
Ba6 15. Rf3 Bxd3 16. Qxd3 f6 17. Rh3 f5 18. Qg3 Rf7 19. Qf3 g6 20. b3 Qd4 21.
Rb1 Qxe5 22. Bb2 Qe4 23. Qf2 Rc8 24. Bc3 Bc5 25. Qd2 d4 26. Bb2 Bb6 27. c4
Qxb1+ 0-1

[Event "24. Aberto Xadrez Albariño"]
[Site "Cambados ESP"]
[Date "2008.08.05"]
[Round "5.1"]
[White "Filip, Lucian"]
[Black "Manolache, Marius"]
[Result "1-0"]
[WhiteElo "2461"]
[BlackElo "2521"]
[PlyCount "69"]
[EventDate "2008.08.01"]
[EventType "swiss"]
[EventRounds "9"]
[EventCountry "ESP"]
[Source "lmi"]
[SourceDate "2008.08.01"]

1. d4 g6 2. c4 Bg7 3. e4 d6 4. Nf3 Bg4 5. Be2 Nf6 6. Nc3 O-O 7. Be3 Na6 8. O-O
c5 9. d5 Nc7 10. Ng5 Bxe2 11. Qxe2 Qc8 12. h3 Re8 13. Rfd1 Nd7 14. f4 h6 15.
Nf3 e6 16. dxe6 Rxe6 17. f5 gxf5 18. exf5 Re7 19. Rxd6 Nb6 20. f6 Rxe3 21. Qxe3
Nxc4 22. Qf4 Nxd6 23. fxg7 Qe6 24. Re1 Qg6 25. Nh4 Qg5 26. Qxd6 Qxh4 27. Re4
Qd8 28. Qxh6 f5 29. Qh8+ Kf7 30. Qh7 Kf6 31. Rf4 Qg8 32. Qxf5+ Ke7 33. Qxc5+
Kd7 34. Rd4+ Kc8 35. Qf8+ 1-0

[Event "24. Aberto Xadrez Albariño"]
[Site "Cambados ESP"]
[Date "2008.08.05"]
[Round "5.2"]
[White "Rodriguez Lopez, Rafael"]
[Black "Starostits, Ilmars"]
[Result "1-0"]
[WhiteElo "2311"]
[BlackElo "2497"]
[PlyCount "109"]
[EventDate "2008.08.01"]
[EventType "swiss"]
[EventRounds "9"]
[EventCountry "ESP"]
[Source "lmi"]
[SourceDate "2008.08.01"]

1. e4 b6 2. d4 Bb7 3. Bd3 e6 4. Nf3 d6 5. O-O Nd7 6. c4 g6 7. Nc3 Bg7 8. Be3
Ne7 9. Rc1 O-O 10. a3 a6 11. Qd2 c5 12. d5 exd5 13. Nxd5 Nxd5 14. exd5 Re8 15.
Bg5 Qc7 16. Rfe1 b5 17. b3 a5 18. Rxe8+ Rxe8 19. Re1 Ne5 20. Nxe5 dxe5 21. cxb5
Bxd5 22. Bc4 Ba8 23. Rd1 Qb7 24. Bf1 a4 25. bxa4 h6 26. Bxh6 Bxh6 27. Qxh6 c4
28. Qe3 Rc8 29. Rc1 Qd5 30. Qc3 Kg7 31. Qb4 Qe6 32. Rxc4 Rd8 33. Qc5 Rd1 34.
Rc1 Rd2 35. Re1 Rd5 36. Qe3 Qd7 37. Bc4 Rd4 38. Qxe5+ Kh7 39. Bxf7 Rd1 40. Bc4
Bxg2 41. Rxd1 Qxd1+ 42. Kxg2 Qg4+ 43. Qg3 Qxc4 44. Qf3 Qxa4 45. b6 Qb5 46. Qh3+
Kg7 47. Qc3+ Kh6 48. Qe3+ Kh5 49. h3 Qd7 50. Qf3+ Kh6 51. b7 Qd6 52. a4 Kg7 53.
a5 Qe5 54. a6 Qg5+ 55. Kh2 1-0

[Event "24. Aberto Xadrez Albariño"]
[Site "Cambados ESP"]
[Date "2008.08.05"]
[Round "5.3"]
[White "Rusev, Krasimir"]
[Black "Berbatov, Kiprian"]
[Result "0-1"]
[WhiteElo "2508"]
[BlackElo "2250"]
[PlyCount "110"]
[EventDate "2008.08.01"]
[EventType "swiss"]
[EventRounds "9"]
[EventCountry "ESP"]
[Source "lmi"]
[SourceDate "2008.08.01"]

1. d4 Nf6 2. c4 g6 3. Nc3 Bg7 4. e4 d6 5. h3 O-O 6. Nf3 e5 7. dxe5 dxe5 8. Be3
b6 9. Qc2 c5 10. Be2 Bb7 11. Rd1 Qe8 12. Nd5 Nc6 13. O-O Nd4 14. Nxd4 Bxd5 15.
Nf5 Bxe4 16. Nxg7 Bxc2 17. Nxe8 Rfxe8 18. Rd2 Bf5 19. g4 Be6 20. f3 Rad8 21.
Rfd1 Rxd2 22. Rxd2 Kg7 23. a3 Rc8 24. Rd1 Nd7 25. b4 f6 26. b5 a6 27. f4 axb5
28. cxb5 Kf7 29. Bf3 Rc7 30. g5 Ra7 31. gxf6 Rxa3 32. Kf2 exf4 33. Bxf4 Kxf6
34. Rd6 Ke7 35. Rc6 Rxf3+ 36. Kxf3 Bd5+ 37. Ke3 Bxc6 38. bxc6 Nf8 39. Ke4 Ne6
40. Bg3 Kd8 41. Kd5 Nd4 42. Be5 Kc8 43. Bf4 Nf3 44. Kc4 g5 45. Bg3 Nd4 46. Kd5
h5 47. Ke4 g4 48. hxg4 hxg4 49. c7 Ne2 50. Be5 c4 51. Ke3 Ng1 52. Bd6 Nf3 53.
Kf4 Nd4 54. Ke4 Nb5 55. Bf4 Nxc7 0-1

[Event "24. Aberto Xadrez Albariño"]
[Site "Cambados ESP"]
[Date "2008.08.05"]
[Round "5.4"]
[White "Dimitrov, Vladimir"]
[Black "Milchev, Nikolay"]
[Result "1/2-1/2"]
[WhiteElo "2450"]
[BlackElo "2356"]
[PlyCount "20"]
[EventDate "2008.08.01"]
[EventType "swiss"]
[EventRounds "9"]
[EventCountry "ESP"]
[Source "lmi"]
[SourceDate "2008.08.01"]

1. d4 d5 2. c4 c6 3. cxd5 cxd5 4. Nc3 Nc6 5. Nf3 Nf6 6. Bf4 Bf5 7. e3 e6 8. Bd3
Bxd3 9. Qxd3 Be7 10. O-O O-O 1/2-1/2

[Event "24. Aberto Xadrez Albariño"]
[Site "Cambados ESP"]
[Date "2008.08.05"]
[Round "5.5"]
[White "Patino Romaris, Juan Roberto"]
[Black "Petkov, Vladimir"]
[Result "0-1"]
[WhiteElo "2272"]
[BlackElo "2423"]
[PlyCount "92"]
[EventDate "2008.08.01"]
[EventType "swiss"]
[EventRounds "9"]
[EventCountry "ESP"]
[Source "lmi"]
[SourceDate "2008.08.01"]

1. d4 Nf6 2. c4 e6 3. Nc3 Bb4 4. Bg5 h6 5. Bh4 c5 6. d5 d6 7. e3 g5 8. Bg3 Ne4
9. Nge2 h5 10. f3 h4 11. Bf2 Nxf2 12. Kxf2 e5 13. a3 Ba5 14. b4 Bb6 15. Na4 Nd7
16. Nec3 f5 17. Qb1 e4 18. Be2 h3 19. g3 exf3 20. Bxf3 Qf6 21. Rf1 O-O 22. Be2
Bd8 23. bxc5 dxc5 24. Ra2 Qe5 25. Qd3 Nf6 26. Kg1 b6 27. Nb2 a6 28. Nbd1 Ra7
29. Bf3 Raf7 30. Raf2 Bd7 31. a4 Bc7 32. Be2 Ne8 33. Bh5 Re7 34. Bxe8 Rexe8 35.
Qd2 Bd6 36. Qd3 Rf6 37. Kh1 Kg7 38. Rf3 Ref8 39. R3f2 Be8 40. Qd2 Bg6 41. Kg1
Qe7 42. Qb2 Be5 43. Qd2 Qd6 44. Qe2 Re8 45. Qd2 f4 46. gxf4 gxf4 0-1

[Event "24. Aberto Xadrez Albariño"]
[Site "Cambados ESP"]
[Date "2008.08.05"]
[Round "5.6"]
[White "Garcia Castro, Pablo"]
[Black "Fernandez de Pablo, Miguel A"]
[Result "1/2-1/2"]
[WhiteElo "2390"]
[BlackElo "2232"]
[PlyCount "86"]
[EventDate "2008.08.01"]
[EventType "swiss"]
[EventRounds "9"]
[EventCountry "ESP"]
[Source "lmi"]
[SourceDate "2008.08.01"]

1. e4 c5 2. Nc3 Nc6 3. g3 g6 4. Bg2 Bg7 5. d3 e6 6. Be3 Nd4 7. Nce2 Nxe2 8.
Nxe2 Bxb2 9. Rb1 Bg7 10. Bxc5 d6 11. Ba3 Ne7 12. Qd2 O-O 13. O-O Qc7 14. c4 Nc6
15. d4 Rd8 16. Rfc1 b6 17. d5 Na5 18. Nd4 Bxd4 19. Qxd4 e5 20. Qd2 Nb7 21. Rc3
Nc5 22. g4 f6 23. f4 Qe7 24. f5 g5 25. h4 h6 26. hxg5 hxg5 27. Kf2 Ba6 28. Rh1
Kg7 29. Bxc5 bxc5 30. Ra3 Bxc4 31. Qc3 Bb5 32. Qa5 a6 33. Rah3 Rh8 34. a4 Rxh3
35. Rxh3 Be8 36. Qe1 Kg8 37. Kg3 Bxa4 38. Qa5 Bb5 39. Rh6 c4 40. Rg6+ Kf7 41.
Rh6 Kg7 42. Rg6+ Kf7 43. Rh6 Kg7 1/2-1/2

[Event "24. Aberto Xadrez Albariño"]
[Site "Cambados ESP"]
[Date "2008.08.05"]
[Round "5.7"]
[White "Orlovska, Madara"]
[Black "Ramiro Ovejero, Juan Luis"]
[Result "0-1"]
[WhiteElo "2021"]
[BlackElo "2370"]
[PlyCount "76"]
[EventDate "2008.08.01"]
[EventType "swiss"]
[EventRounds "9"]
[EventCountry "ESP"]
[Source "lmi"]
[SourceDate "2008.08.01"]

1. e4 d5 2. exd5 Qxd5 3. Nc3 Qa5 4. d4 Nf6 5. Bc4 Bg4 6. f3 Bd7 7. Nge2 e6 8.
Bd2 Qb6 9. Bb3 Be7 10. Be3 O-O 11. Qd2 Na6 12. O-O Rfd8 13. Bf2 c5 14. Qf4 Rac8
15. d5 exd5 16. Nxd5 Nxd5 17. Bxd5 Bf6 18. Ng3 Nb4 19. Bb3 Be6 20. a3 Nd3 21.
cxd3 Qxb3 22. Ne4 Bd4 23. Rac1 b6 24. h4 Qxb2 25. a4 Bxf2+ 26. Rxf2 Qd4 27. g4
Bd5 28. Kg2 Rd7 29. a5 Bxe4 30. dxe4 b5 31. Rcc2 Qf6 32. Qe3 c4 33. Rfd2 Rxd2+
34. Rxd2 c3 35. Re2 a6 36. e5 Qe6 37. Qe4 Qc4 38. Qc2 Qxe2+ 0-1

[Event "24. Aberto Xadrez Albariño"]
[Site "Cambados ESP"]
[Date "2008.08.05"]
[Round "5.8"]
[White "Ivanov, Jordan"]
[Black "Sanchez Quiroga, Miguel Angel"]
[Result "1-0"]
[WhiteElo "2421"]
[BlackElo "2183"]
[PlyCount "81"]
[EventDate "2008.08.01"]
[EventType "swiss"]
[EventRounds "9"]
[EventCountry "ESP"]
[Source "lmi"]
[SourceDate "2008.08.01"]

1. Nf3 d5 2. c4 c6 3. e3 Nf6 4. Nc3 e6 5. Qc2 Bd6 6. b3 O-O 7. Bb2 Nbd7 8. Be2
Re8 9. O-O a6 10. d4 dxc4 11. bxc4 e5 12. Rad1 e4 13. Nd2 Qe7 14. c5 Bc7 15.
Rfe1 h5 16. f3 exf3 17. Bxf3 Ng4 18. Nf1 Qh4 19. g3 Qg5 20. Qg2 Ba5 21. Re2
Bxc3 22. Bxc3 Ndf6 23. e4 Bd7 24. Rb1 Bc8 25. h3 Nd7 26. Nd2 Nxc5 27. Nc4 Na4
28. Ba1 Nf6 29. Nd6 Re7 30. e5 Nd5 31. h4 Qg6 32. Be4 Qg4 33. Rb3 Be6 34. Rf3
Qh3 35. Qf2 Rd8 36. Bc2 Nab6 37. Ne4 Qg4 38. Ng5 Bc8 39. Rxf7 Be6 40. Rf8+ Rxf8
41. Bh7+ 1-0

[Event "24. Aberto Xadrez Albariño"]
[Site "Cambados ESP"]
[Date "2008.08.05"]
[Round "5.9"]
[White "Ortiz Suarez, Isam"]
[Black "Torres Dominguez, David"]
[Result "1-0"]
[WhiteElo "2392"]
[BlackElo "2134"]
[PlyCount "59"]
[EventDate "2008.08.01"]
[EventType "swiss"]
[EventRounds "9"]
[EventCountry "ESP"]
[Source "lmi"]
[SourceDate "2008.08.01"]

1. d4 d6 2. e4 Nf6 3. Nc3 c6 4. f4 Qa5 5. e5 Ne4 6. Bd3 Bf5 7. Qf3 Nxc3 8. Bxf5
Nb5+ 9. Bd2 Qb6 10. c3 e6 11. Bd3 g6 12. Qh3 Nd7 13. Nf3 Be7 14. O-O a5 15. Kh1
d5 16. a4 Nc7 17. b4 Qa7 18. g4 O-O-O 19. f5 h5 20. f6 hxg4 21. Qxg4 Bf8 22.
Rfb1 Nb6 23. Be3 Nc4 24. Bg1 Qa6 25. Nd2 axb4 26. cxb4 Bh6 27. Nb3 Qb6 28. Nc5
Be3 29. a5 Qb5 30. Bxc4 1-0

[Event "24. Aberto Xadrez Albariño"]
[Site "Cambados ESP"]
[Date "2008.08.05"]
[Round "5.10"]
[White "Stanoev, Atanas"]
[Black "Permuy Lorenzo, Carlos Javier"]
[Result "1/2-1/2"]
[WhiteElo "2198"]
[BlackElo "2335"]
[PlyCount "128"]
[EventDate "2008.08.01"]
[EventType "swiss"]
[EventRounds "9"]
[EventCountry "ESP"]
[Source "lmi"]
[SourceDate "2008.08.01"]

1. d4 f5 2. Nf3 Nf6 3. g3 g6 4. c4 Bg7 5. Bg2 O-O 6. b4 a5 7. b5 c6 8. O-O d5
9. bxc6 Nxc6 10. cxd5 Nxd5 11. Bb2 a4 12. a3 Nb6 13. e3 Be6 14. Nfd2 Na5 15.
Nc3 Nb3 16. Nxb3 Bxb3 17. Qf3 Nc4 18. Bc1 e5 19. Rb1 exd4 20. exd4 Qxd4 21. Ne2
Qc5 22. Rxb3 axb3 23. Qxb3 Kh8 24. Nf4 Rfe8 25. Bd5 Na5 26. Qa2 Rad8 27. Bb2
Re7 28. Bxg7+ Rxg7 29. Bg2 Qc3 30. Bd5 Rgd7 31. h4 Nc6 32. Bxc6 bxc6 33. Qe6
Rd6 34. Qe7 Qf6 35. Qb7 c5 36. Re1 Rd1 37. Rxd1 Rxd1+ 38. Kg2 Rd8 39. Qc7 Qd6
40. Qf7 Rf8 41. Qa2 Rc8 42. Nh3 c4 43. Ng5 Qf6 44. Qd2 Rc7 45. Qa5 Re7 46. Qc5
c3 47. a4 Kg7 48. a5 Qe5 49. Qc4 Qxa5 50. Ne6+ Kf6 51. Nc5 Qc7 52. Qxc3+ Qe5
53. Qb4 Kg7 54. Nd3 Qf6 55. Nf4 Re4 56. Qb7+ Qe7 57. Qb2+ Kh6 58. Qd2 Kg7 59.
Qc3+ Qe5 60. Qd2 Re1 61. Qd7+ Kh6 62. Qd2 Kg7 63. Qd7+ Qe7 64. Qd4+ Qe5 1/2-1/2

[Event "24. Aberto Xadrez Albariño"]
[Site "Cambados ESP"]
[Date "2008.08.05"]
[Round "5.11"]
[White "Salgado Gonzalez, Julio"]
[Black "Torrado Quintela, Julio"]
[Result "0-1"]
[WhiteElo "1916"]
[BlackElo "2245"]
[PlyCount "84"]
[EventDate "2008.08.01"]
[EventType "swiss"]
[EventRounds "9"]
[EventCountry "ESP"]
[Source "lmi"]
[SourceDate "2008.08.01"]

1. d4 Nf6 2. Bf4 e6 3. e3 c5 4. Bd3 Qb6 5. Nc3 cxd4 6. Nb5 Nd5 7. Bxb8 Rxb8 8.
Nxd4 Qxb2 9. Nb3 Bb4+ 10. Kf1 Qf6 11. Nf3 O-O 12. c4 Ne7 13. a3 Bc3 14. Rb1 d5
15. Qc2 dxc4 16. Bxc4 Nd5 17. Ke2 b5 18. Bd3 b4 19. Nc5 h6 20. Rhd1 Qe7 21.
axb4 Bxb4 22. Rb3 Rb6 23. Na4 Rb7 24. e4 Rc7 25. Qb1 Nf4+ 26. Kf1 Nxd3 27. Qxd3
Rd7 28. Qb1 Rxd1+ 29. Qxd1 Rd8 30. Qb1 a5 31. g3 e5 32. Nb6 Be6 33. Rd3 Bh3+
34. Ke2 Rb8 35. Nd5 Qe8 36. Qd1 Kh7 37. Ne3 Bc8 38. Nc4 Ba6 39. Nfxe5 f6 40.
Rd6 Bxd6 41. Qxd6 Bxc4+ 42. Nxc4 Qxe4+ 0-1

[Event "24. Aberto Xadrez Albariño"]
[Site "Cambados ESP"]
[Date "2008.08.05"]
[Round "5.12"]
[White "Corona Garcia, Tomas"]
[Black "Bazal Bouzas, Xose Henrique"]
[Result "1-0"]
[WhiteElo "2210"]
[BlackElo "1757"]
[PlyCount "59"]
[EventDate "2008.08.01"]
[EventType "swiss"]
[EventRounds "9"]
[EventCountry "ESP"]
[Source "lmi"]
[SourceDate "2008.08.01"]

1. e4 d5 2. Nc3 d4 3. Nce2 Nc6 4. Nf3 e5 5. Ng3 a6 6. Bc4 Nf6 7. Ng5 Be6 8.
Nxe6 fxe6 9. Bxe6 Qd6 10. Bh3 g6 11. O-O Bg7 12. d3 O-O 13. f4 exf4 14. Bxf4
Qe7 15. c3 Rad8 16. Qb3+ Kh8 17. Qxb7 Ne5 18. cxd4 Rxd4 19. Rac1 Ne8 20. Bxe5
Rxf1+ 21. Nxf1 Bxe5 22. Qxa6 Rd6 23. Qc4 Bxb2 24. Rb1 Rb6 25. Nd2 Qf6 26. Rf1
Qg5 27. Qf7 Qc5+ 28. Kh1 Nf6 29. Nc4 Ng4 30. Bxg4 1-0

[Event "24. Aberto Xadrez Albariño"]
[Site "Cambados ESP"]
[Date "2008.08.05"]
[Round "5.13"]
[White "Trigo Urquijo, Sergio"]
[Black "Guijarro Arca, Basilio"]
[Result "1-0"]
[WhiteElo "2200"]
[BlackElo "1915"]
[PlyCount "65"]
[EventDate "2008.08.01"]
[EventType "swiss"]
[EventRounds "9"]
[EventCountry "ESP"]
[Source "lmi"]
[SourceDate "2008.08.01"]

1. e4 d5 2. exd5 Nf6 3. Bb5+ Nbd7 4. Nc3 a6 5. Be2 Nb6 6. d4 Nbxd5 7. Nxd5 Nxd5
8. c4 Nf6 9. Bf3 e5 10. dxe5 Qxd1+ 11. Bxd1 Ne4 12. f3 Nc5 13. Bc2 Be6 14. b3
Rd8 15. Ne2 Nd3+ 16. Bxd3 Rxd3 17. Nf4 Bb4+ 18. Ke2 Rc3 19. Be3 Bf5 20. Rac1 c6
21. g4 Bg6 22. h4 f5 23. h5 Bf7 24. e6 fxg4 25. exf7+ Kxf7 26. fxg4 Re8 27.
Rxc3 Bxc3 28. Kf3 Rd8 29. Ke2 Bd4 30. Rd1 Bxe3 31. Rxd8 Bxf4 32. Rd7+ Kf6 33.
Rxb7 1-0

[Event "24. Aberto Xadrez Albariño"]
[Site "Cambados ESP"]
[Date "2008.08.05"]
[Round "5.14"]
[White "Minguela Muñoz, Bienvenido"]
[Black "Pena Torres, Jose Carlos"]
[Result "0-1"]
[WhiteElo "1917"]
[BlackElo "2143"]
[PlyCount "88"]
[EventDate "2008.08.01"]
[EventType "swiss"]
[EventRounds "9"]
[EventCountry "ESP"]
[Source "lmi"]
[SourceDate "2008.08.01"]

1. Nf3 Nf6 2. g3 g6 3. b3 Bg7 4. Bb2 O-O 5. Bg2 d5 6. d4 Ne4 7. O-O c5 8. Nbd2
Nc6 9. e3 Bg4 10. h3 Nxd2 11. Qxd2 Bxf3 12. Bxf3 Rc8 13. c3 cxd4 14. cxd4 Rc7
15. Rac1 Qd7 16. Rc5 e6 17. Rfc1 Rfc8 18. e4 dxe4 19. Bxe4 Ne7 20. Rxc7 Rxc7
21. Rxc7 Qxc7 22. Qc3 Qd7 23. Qc4 Nc8 24. Bg2 Nd6 25. Qd3 Nf5 26. Qe4 Bxd4 27.
Bxd4 Nxd4 28. h4 h6 29. h5 g5 30. Qe5 b6 31. Qf6 Nf5 32. Bf3 Qd4 33. Qxd4 Nxd4
34. Bd1 a5 35. f3 Kf8 36. Kf2 Ke7 37. g4 Kd6 38. Ke3 Ke5 39. a3 f5 40. b4 axb4
41. axb4 Nc6 42. b5 Nd4 43. Ba4 f4+ 44. Kf2 Kd6 0-1